书目信息 |
| 题名: |
电路分析学习指导及习题精解
|
|
| 作者: | 高岩 , 杜普选 , 闻跃 编著 | |
| 分册: | ||
| 出版信息: | 北京 北京交通大学出版社 2005.02 |
|
| 页数: | 364页 | |
| 开本: | 23cm | |
| 丛书名: | 国家电工电子教学基地系列教材 | |
| 单 册: | ||
| 中图分类: | TM133 | |
| 科图分类: | ||
| 主题词: | 电路分析--高等学校--教学参考资料 | |
| 电子资源: | ||
| ISBN: | 7-81082-380-9 | |
| 000 | 01130nam 2200277 450 | |
| 001 | 0149863299 | |
| 005 | 20051214085602.72 | |
| 010 | @a7-81082-380-9@dCNY29.00 | |
| 100 | @a20050404d2005 km y0chiy0120 ea | |
| 101 | 0 | @achi |
| 102 | @aCN@b110000 | |
| 105 | @aa a 000yy | |
| 200 | 1 | @a电路分析学习指导及习题精解@Adian lu fen xi xue xi zhi dao ji xi ti jing jie@f高岩, 杜普选, 闻跃编著@Fgao yan,du pu xuan,wen yue bian zhu |
| 210 | @a北京@c北京交通大学出版社@c清华大学出版社@d2005.02 | |
| 215 | @a364页@c图@d23cm | |
| 225 | 2 | @a国家电工电子教学基地系列教材 |
| 320 | @a有书目。 | |
| 330 | @a本书是作为国家电工电子教学基地系列教材《基础电路分析(第2版)》和《现代电路分析(第2版)》的教学辅助参考教材而编写的,主要内容分为两部分:第一部分“基础电路分析”,由第1章至第6章组成,第二部分为“现代电路分析”,由第7章至第12章组成。 | |
| 410 | 0 | @12001 @a国家电工电子教学基地系列教材 |
| 606 | 0 | @a电路分析@x高等学校@x教学参考资料 |
| 690 | @aTM133@v4 | |
| 701 | 0 | @a高岩@Agao yan@4编著 |
| 701 | 0 | @a杜普选@Adu pu xuan@4编著 |
| 701 | 0 | @a闻跃@Awen yue@4编著 |
| 801 | 0 | @aCN@bQSSK@c20051214 |
| 905 | @a10447@dTM133@eG205 | |
| 电路分析学习指导及习题精解/高岩, 杜普选, 闻跃编著.-北京:北京交通大学出版社:清华大学出版社,2005.02 |
| 364页:图;23cm.-(国家电工电子教学基地系列教材) |
| ISBN 7-81082-380-9:CNY29.00 |
| 本书是作为国家电工电子教学基地系列教材《基础电路分析(第2版)》和《现代电路分析(第2版)》的教学辅助参考教材而编写的,主要内容分为两部分:第一部分“基础电路分析”,由第1章至第6章组成,第二部分为“现代电路分析”,由第7章至第12章组成。 |
| ● |
| 相关链接 |
|
|
|
正题名:电路分析学习指导及习题精解
索取号:TM133/G205
 
预约/预借
| 序号 | 登录号 | 条形码 | 馆藏地/架位号 | 状态 | 备注 |
| 1 | 525432 | 205254320 | 自科二线404/404自科库 9排4列1层/ [索取号:TM133/G205] | 在馆 | |
| 2 | 525433 | 205254339 | 自科库301/301自科库 9排2列4层/ [索取号:TM133/G205] | 在馆 | |
| 3 | 547992 | 205479926 | 自科二线404/404自科库 9排4列1层/ [索取号:TM133/G205] | 在馆 | |
| 4 | 547993 | 205479935 | 自科库301/301自科库 9排4列1层/ [索取号:TM133/G205] | 在馆 | |
| 5 | 547994 | 205479944 | 自科库301/301自科库 9排2列4层/ [索取号:TM133/G205] | 在馆 |